[Event "Krakow op-A 34th"]
[Site "Krakow"]
[Date "2023.12.31"]
[Round "5"]
[White "Buchenau, Frank"]
[Black "Piekielny, Pawel"]
[Result "1/2-1/2"]
[WhiteElo "2135"]
[BlackElo "2250"]
[PlyCount "135"]
[EventDate "2023.12.27"]
[EventType "swiss"]
[EventRounds "9"]
[EventCountry "POL"]
[SourceTitle "CB02_2024"]
[SourceDate "2024.01.10"]
[SourceVersion "1"]
[SourceVersionDate "2024.01.10"]
[SourceQuality "1"]

1. e4 c6 2. Nf3 d5 3. d3 Qc7 4. Nc3 dxe4 5. Nxe4 Nf6 6. Be2 Bf5 7. Ng3 Bg6 8. 0-0 e6 9. Nh4 Bd6 10. b3 Nbd7 11. Bb2 0-0 12. Nxg6 hxg6 13. c4 c5 14. Qc2 Rad8 15. Rfd1 Be5 16. d4 cxd4 17. Bxd4 Bxd4 18. Rxd4 Ne5 19. Rad1 Nc6 20. Rxd8 Rxd8 21. Rxd8+ Qxd8 22. Bf3 Nd4 23. Qd3 b6 24. h4 a5 25. Kf1 Qd7 26. Ne4 Nxe4 27. Qxe4 Qd6 28. g3 Kh7 29. h5 f5 30. hxg6+ Kxg6 31. Qa8 Kh7 32. Kg2 Qe5 33. Qe8 f4 34. gxf4 Qxf4 35. Qh5+ Kg8 36. Qe8+ Qf8 37. Qxf8+ Kxf8 38. Bd1 Ke7 39. f4 Kf6 40. Kf2 e5 41. Ke3 Kf5 42. a3 Nc6 43. Bc2+ Ke6 44. Be4 exf4+ 45. Kxf4 Ne5 46. Kg5 Kd6 47. Kf5 a4 48. bxa4 Nxc4 49. Kg6 Nxa3 50. Kxg7 Ke5 51. Bc6 Kd6 52. Be8 Ke7 53. Bc6 Nc4 54. Bb5 Nd6 55. Bc6 Nf5+ 56. Kg6 Nd4 57. Bd5 Kd6 58. Bf7 Ke5 59. Be8 Ke6 60. Bf7+ Ke7 61. Bg8 Ne6 62. Kf5 Nc5 63. a5 bxa5 64. Ke5 Nd7+ 65. Kd5 Nf6+ 66. Kc5 Nxg8 67. Kb5 Nf6 68. Kxa5 1/2-1/2

[Event "Wch Disabilities 5th"]
[Site "Lublin"]
[Date "2023.08.20"]
[Round "2"]
[White "Piekielny, Pawel"]
[Black "Valenta, Vit"]
[Result "1/2-1/2"]
[WhiteElo "2225"]
[BlackElo "1995"]
[PlyCount "87"]
[EventDate "2023.08.19"]
[EventType "swiss"]
[EventRounds "9"]
[EventCountry "POL"]
[SourceTitle "CBM 215 Extra"]
[Source "ChessBase"]
[SourceDate "2023.09.30"]
[SourceVersion "1"]
[SourceVersionDate "2023.09.30"]
[SourceQuality "1"]

1. e4 e5 2. Nf3 Nc6 3. Bc4 Be7 4. d4 d6 5. d5 Nb8 6. Bd3 Nf6 7. c4 0-0 8. 0-0 Na6 9. Nc3 Nc5 10. Bc2 a5 11. h3 b6 12. Be3 Ne8 13. a3 g6 14. Bh6 Ng7 15. b4 Nb7 16. Ba4 f5 17. Bc6 Bf6 18. Qc2 Qe7 19. Nd2 Bg5 20. Bxg7 Kxg7 21. Nb3 Ra7 22. Bxb7 Bxb7 23. bxa5 bxa5 24. a4 c6 25. Qd3 fxe4 26. Qxe4 Rf4 27. Qe2 cxd5 28. Nxd5 Bxd5 29. cxd5 Rb4 30. Nc1 Rd4 31. Rd1 Bxc1 32. Rdxc1 Rxd5 33. Rd1 Rc5 34. Rac1 Rac7 35. Rxc5 Rxc5 36. Rb1 Qc7 37. Kh2 d5 38. Qa6 e4+ 39. g3 Qf7 40. Rb7 Rc7 41. Rxc7 Qxc7 42. Qe6 Qc5 43. Qe5+ Kf7 44. Kg2 1/2-1/2

[Event "Suwalki Warakomska Memorial 7th"]
[Site "Suwalki"]
[Date "2023.08.07"]
[Round "1"]
[White "Piekielny, Pawel"]
[Black "Jakubowski, Krzysztof"]
[Result "0-1"]
[WhiteElo "2225"]
[BlackElo "2473"]
[PlyCount "110"]
[EventDate "2023.08.07"]
[EventType "swiss"]
[EventRounds "9"]
[EventCountry "POL"]
[SourceTitle "CBM 215 Extra"]
[Source "ChessBase"]
[SourceDate "2023.09.30"]
[SourceVersion "1"]
[SourceVersionDate "2023.09.30"]
[SourceQuality "1"]

1. e4 g6 2. d4 Bg7 3. Nc3 d6 4. Be3 a6 5. Qd2 b5 6. h4 h5 7. a4 b4 8. Nd5 a5 9. Bc4 Bb7 10. f3 Nd7 11. Ne2 e6 12. Ndf4 Nb6 13. Bb5+ c6 14. Bd3 e5 15. dxe5 dxe5 16. Nh3 Qxh4+ 17. g3 Qd8 18. Ng5 Nh6 19. 0-0-0 Bc8 20. Kb1 f6 21. Bxb6 Qxb6 22. Bc4 c5 23. Qd5 Ra7 24. Ne6 Bxe6 25. Qxe6+ Qxe6 26. Bxe6 Ke7 27. Bd5 f5 28. exf5 Nxf5 29. Be4 Rd7 30. Rxd7+ Kxd7 31. g4 Ne7 32. Ng1 Bf6 33. Nh3 Bh4 34. Rg1 c4 35. Kc1 Ke6 36. Kd2 Bf6 37. Rh1 Rd8+ 38. Ke2 c3 39. bxc3 bxc3 40. Rd1 Rxd1 41. Kxd1 Kd6 42. Ke2 Kc5 43. Kd3 Kb4 44. g5 Bg7 45. Nf2 h4 46. Nh3 Nf5 47. Nf2 Nd4 48. Bxg6 Nxf3 49. Nh3 Kxa4 50. Be4 Nd2 51. Bd5 Kb4 52. Nf2 a4 53. Ne4 Nxe4 54. Kxe4 h3 55. Kf5 Kc5 0-1

[Event "Ustron op-A"]
[Site "Ustron"]
[Date "2022.08.19"]
[Round "8"]
[White "Piekielny, Pawel"]
[Black "Hnydiuk, Aleksander"]
[Result "1/2-1/2"]
[WhiteElo "2254"]
[BlackElo "2376"]
[PlyCount "58"]
[EventDate "2022.08.12"]
[EventType "swiss"]
[EventRounds "9"]
[EventCountry "POL"]
[SourceTitle "CBM 210 Extra"]
[Source "ChessBase"]
[SourceDate "2022.11.30"]
[SourceVersion "1"]
[SourceVersionDate "2022.11.30"]
[SourceQuality "1"]

1. e4 c5 2. Nf3 d6 3. d4 cxd4 4. Nxd4 Nf6 5. Nc3 a6 6. Bg5 Nbd7 7. a4 e6 8. Be2 Be7 9. a5 0-0 10. 0-0 Qc7 11. Nb3 h6 12. Be3 b5 13. axb6 Nxb6 14. Qd4 Rb8 15. Bxa6 Ng4 16. Be2 Bf6 17. Qd2 Nxe3 18. Qxe3 Bb7 19. Ra7 Nc4 20. Bxc4 Qxc4 21. Na5 Qb4 22. Rxb7 Qxa5 23. Rxb8 Rxb8 24. Nd1 Bxb2 25. Nxb2 Rxb2 26. Qd4 Qb4 27. Qxb4 Rxb4 28. f3 Kf8 29. Kf2 Rb2 1/2-1/2

[Event "Krakow op-A"]
[Site "Krakow"]
[Date "2022.07.02"]
[Round "9"]
[White "Kozak, Antoni"]
[Black "Piekielny, Pawel"]
[Result "1-0"]
[WhiteElo "2459"]
[BlackElo "2230"]
[PlyCount "69"]
[EventDate "2022.06.25"]
[EventType "swiss"]
[EventRounds "9"]
[EventCountry "POL"]
[SourceTitle "CBM 209 Extra"]
[Source "ChessBase"]
[SourceDate "2022.09.30"]
[SourceVersion "1"]
[SourceVersionDate "2022.09.30"]
[SourceQuality "1"]

1. Nf3 d5 2. e3 Nf6 3. c4 e6 4. b3 c5 5. Bb2 Nc6 6. cxd5 Nxd5 7. Nc3 a6 8. Qc2 Ndb4 9. Qb1 f6 10. a3 Nd5 11. Bd3 Nxc3 12. Bxc3 Kf7 13. h4 Be7 14. g4 e5 15. Rg1 Be6 16. Bxh7 Rxh7 17. Qxh7 Qd5 18. Rg3 e4 19. g5 Bf5 20. g6+ Ke8 21. Ng1 Ne5 22. Qxg7 Kd7 23. Bxe5 Qxe5 24. Rd1 Qd5 25. h5 Qxb3 26. h6 Rg8 27. Qh7 Be6 28. Qxg8 Bxg8 29. h7 Bc4 30. h8Q Qd3 31. Qh3+ Kc7 32. g7 Bb3 33. g8Q Bxd1 34. Qgc8+ Kb6 35. Qhd7 1-0

[Event "Krakow op-A"]
[Site "Krakow"]
[Date "2022.06.25"]
[Round "1"]
[White "Piekielny, Pawel"]
[Black "Seemann, Jakub"]
[Result "1-0"]
[WhiteElo "2230"]
[BlackElo "2363"]
[PlyCount "77"]
[EventDate "2022.06.25"]
[EventType "swiss"]
[EventRounds "9"]
[EventCountry "POL"]
[SourceTitle "CBM 209 Extra"]
[Source "ChessBase"]
[SourceDate "2022.09.30"]
[SourceVersion "1"]
[SourceVersionDate "2022.09.30"]
[SourceQuality "1"]

1. e4 c5 2. Nf3 d6 3. d4 cxd4 4. Nxd4 Nf6 5. Nc3 Nc6 6. Bg5 e6 7. Qd2 a6 8. 0-0-0 Bd7 9. f4 Be7 10. Nf3 b5 11. Bd3 b4 12. Ne2 Qb6 13. e5 dxe5 14. fxe5 Nd5 15. Be4 h6 16. Bf4 b3 17. cxb3 Ncb4 18. Kb1 Bc6 19. Nfd4 Bb7 20. a3 a5 21. axb4 axb4 22. Rc1 0-0 23. Bxd5 Bxd5 24. Kc2 f6 25. Qe3 Rad8 26. Rhd1 fxe5 27. Bxe5 Bg5 28. Nf4 Bxf4 29. Bxf4 e5 30. Bxe5 Qg6+ 31. Kd2 Qxg2+ 32. Kd3 Bf7 33. Rg1 Bg6+ 34. Kc4 Rc8+ 35. Kxb4 Rb8+ 36. Bxb8 Rxb8+ 37. Nb5 Qb7 38. Rc5 Re8 39. Re5 1-0

[Event "Krakow op-A 32nd"]
[Site "Krakow"]
[Date "2022.01.02"]
[Round "7"]
[White "Kokoszczynski, Jan"]
[Black "Piekielny, Pawel"]
[Result "1-0"]
[WhiteElo "2273"]
[BlackElo "2104"]
[PlyCount "119"]
[EventDate "2021.12.27"]
[EventType "swiss"]
[EventRounds "9"]
[EventCountry "POL"]
[SourceTitle "EXT 2023"]
[Source "ChessBase"]
[SourceDate "2022.10.05"]
[SourceVersion "1"]
[SourceVersionDate "2022.10.05"]
[SourceQuality "1"]

1. c4 Nf6 2. Nc3 e6 3. e4 d5 4. e5 d4 5. exf6 dxc3 6. bxc3 Qxf6 7. d4 e5 8. Nf3 exd4 9. Bg5 Qe6+ 10. Be2 Be7 11. Bxe7 Qxe7 12. cxd4 0-0 13. 0-0 Nc6 14. Re1 Qf6 15. Rb1 b6 16. h3 Bf5 17. Rb3 Be4 18. Re3 Bxf3 19. Bxf3 Rad8 20. d5 Na5 21. Qa4 Qd4 22. Re7 Qxc4 23. Qxc4 Nxc4 24. Rxc7 Nd2 25. Bg4 Rxd5 26. Ree7 Rc5 27. Rxc5 bxc5 28. Rd7 Nc4 29. Be2 Ne5 30. Re7 Nc6 31. Rc7 Nd4 32. Bc4 Ne6 33. Rxa7 Rb8 34. a4 Rb4 35. Ra8+ Nf8 36. Bb5 g5 37. Rc8 Kg7 38. Rxc5 Ne6 39. Rd5 Kf6 40. Bd7 Nf4 41. Rd2 Rb1+ 42. Kh2 Ra1 43. Bb5 h5 44. Rd7 h4 45. Ra7 Ra2 46. Rxf7+ Kg6 47. Be8 Kh6 48. Rf6+ Kg7 49. Rf5 Kh6 50. a5 Rxf2 51. a6 Rxg2+ 52. Kh1 Ra2 53. Rf6+ Kg7 54. Rf7+ Kg8 55. a7 Ne6 56. Rb7 Kf8 57. Bg6 Nd8 58. Rc7 Ra4 59. Be4 Ne6 60. Rc8+ 1-0

[Event "Krakow op-A 32nd"]
[Site "Krakow"]
[Date "2021.12.31"]
[Round "5"]
[White "Chyzy, Jakub"]
[Black "Piekielny, Pawel"]
[Result "0-1"]
[WhiteElo "2260"]
[BlackElo "2104"]
[PlyCount "94"]
[EventDate "2021.12.27"]
[EventType "swiss"]
[EventRounds "9"]
[EventCountry "POL"]
[SourceTitle "EXT 2023"]
[Source "ChessBase"]
[SourceDate "2022.10.05"]
[SourceVersion "1"]
[SourceVersionDate "2022.10.05"]
[SourceQuality "1"]

1. e4 e6 2. d4 d5 3. Nc3 Nf6 4. e5 Nfd7 5. Nf3 c5 6. dxc5 Nc6 7. Bf4 Nxc5 8. Bd3 Be7 9. 0-0 0-0 10. Re1 Bd7 11. Bg3 Nxd3 12. Qxd3 Rc8 13. a3 Na5 14. b3 Qb6 15. Nd4 Nc6 16. Nce2 Nxd4 17. Nxd4 Qa5 18. b4 Qa4 19. c3 Rc4 20. Bf4 a5 21. Bd2 Rfc8 22. Rab1 Bd8 23. h4 Bb6 24. Nf3 h6 25. Rec1 Bb5 26. bxa5 Bxa5 27. Nd4 Ba6 28. Qg3 Kh7 29. Qf3 R8c7 30. g4 Qd7 31. Qe3 Qc8 32. Rb3 Qd8 33. g5 h5 34. f4 g6 35. Rcb1 Qc8 36. f5 exf5 37. e6 fxe6 38. Qe5 Rxd4 39. Qxd4 Rc4 40. Qf6 Rg4+ 41. Kh1 Rxh4+ 42. Kg2 Qc7 43. Bf4 Rxf4 44. c4 Rg4+ 45. Kh3 h4 46. Qf8 Rg3+ 47. Kxh4 Qf4# 0-1

[Event "Krakow op-A 32nd"]
[Site "Krakow"]
[Date "2021.12.29"]
[Round "3"]
[White "Dzida, Kamil"]
[Black "Piekielny, Pawel"]
[Result "1-0"]
[WhiteElo "2238"]
[BlackElo "2104"]
[PlyCount "107"]
[EventDate "2021.12.27"]
[EventType "swiss"]
[EventRounds "9"]
[EventCountry "POL"]
[SourceTitle "EXT 2023"]
[Source "ChessBase"]
[SourceDate "2022.10.05"]
[SourceVersion "1"]
[SourceVersionDate "2022.10.05"]
[SourceQuality "1"]

1. e4 c6 2. d4 d5 3. e5 c5 4. dxc5 e6 5. Nf3 Bxc5 6. Bd3 Ne7 7. a3 Ng6 8. 0-0 0-0 9. Ng5 Qc7 10. Qh5 h6 11. Nf3 Nc6 12. Re1 Nd4 13. Nxd4 Bxd4 14. c3 Bb6 15. a4 a6 16. Na3 Bd7 17. Nc2 Be8 18. Nd4 Bxd4 19. cxd4 f5 20. Qd1 Qb6 21. a5 Qa7 22. Bf1 f4 23. b3 Rc8 24. Ba3 Rf5 25. Rc1 Qa8 26. Qd2 Bb5 27. Qb4 Rxc1 28. Rxc1 Bxf1 29. Kxf1 f3 30. g3 Qe8 31. Qxb7 Nf8 32. Bxf8 Rxf8 33. Qxa6 Qg6 34. Kg1 Qg4 35. Qd3 Qh3 36. Qf1 Qg4 37. Rd1 Qf5 38. b4 Rc8 39. b5 Qc2 40. b6 Rb8 41. a6 Rxb6 42. a7 Qc6 43. Ra1 Qa8 44. h3 h5 45. Qd3 Rb7 46. Qa6 Re7 47. Qb6 Kf7 48. Qb8 Re8 49. Rb1 Kg6 50. Rb7 Kf5 51. Qc7 Qc8 52. Qxc8 Rxc8 53. Rb8 Rc1+ 54. Kh2 1-0

[Event "Krakow op-A 32nd"]
[Site "Krakow"]
[Date "2021.12.27"]
[Round "1"]
[White "Kyc, Jerzy"]
[Black "Piekielny, Pawel"]
[Result "1-0"]
[WhiteElo "2250"]
[BlackElo "2104"]
[PlyCount "89"]
[EventDate "2021.12.27"]
[EventType "swiss"]
[EventRounds "9"]
[EventCountry "POL"]
[SourceTitle "EXT 2023"]
[Source "ChessBase"]
[SourceDate "2022.10.05"]
[SourceVersion "1"]
[SourceVersionDate "2022.10.05"]
[SourceQuality "1"]

1. e4 c6 2. d4 d5 3. exd5 cxd5 4. c4 Nf6 5. Nc3 Nc6 6. Bg5 Ne4 7. Be3 Nxc3 8. bxc3 e6 9. Nf3 Be7 10. Bd3 dxc4 11. Bxc4 0-0 12. 0-0 b6 13. Qe2 Bb7 14. Rfd1 Qc7 15. Bd3 Rac8 16. Rac1 h6 17. c4 e5 18. d5 Nb8 19. Bf5 Rce8 20. Qd2 Qd6 21. Qb2 Qf6 22. Bb1 Nd7 23. Qc2 g6 24. Bxh6 Bd6 25. Re1 Nc5 26. Ng5 Qh8 27. Bxf8 Kxf8 28. Ne4 Nxe4 29. Qxe4 f5 30. Qe3 e4 31. g3 Kf7 32. h4 Qe5 33. Kg2 Rh8 34. f4 Qe7 35. Qd4 Re8 36. Rf1 Bc5 37. Qc3 e3 38. h5 e2 39. hxg6+ Kxg6 40. Rh1 Bb4 41. Qf3 Kg7 42. Qh5 Rg8 43. Qxf5 Rh8 44. Qg6+ Kf8 45. Rxh8# 1-0

[Event "Online Olym Div3 C"]
[Site "Chess.com INT"]
[Date "2021.08.29"]
[Round "7.2"]
[White "Mwape, Mwewa"]
[Black "Piekielny, Pawel"]
[Result "1/2-1/2"]
[WhiteElo "1798"]
[BlackElo "2135"]
[PlyCount "131"]
[EventDate "2021.08.27"]
[EventType "team-tourn (rapid)"]
[EventRounds "9"]
[EventCountry "USA"]
[SourceTitle "CBM 204 Extra"]
[Source "ChessBase"]
[SourceDate "2021.11.30"]
[SourceVersion "1"]
[SourceVersionDate "2021.11.30"]
[SourceQuality "1"]
[WhiteTeam "Zambia"]
[BlackTeam "ICCD"]
[WhiteTeamCountry "ZAM"]

1. e4 e6 2. d4 d5 3. Nd2 Be7 4. Ngf3 Nf6 5. e5 Nfd7 6. Bd3 c5 7. c3 Nc6 8. 0-0 h5 9. dxc5 Ndxe5 10. Nxe5 Nxe5 11. Nb3 Nxd3 12. Qxd3 Qc7 13. Be3 Bd7 14. a4 0-0-0 15. c6 bxc6 16. Nc5 e5 17. Ra3 Bxc5 18. Bxc5 Kb8 19. c4 Be6 20. cxd5 Rxd5 21. Qe3 Rhd8 22. Raa1 f5 23. b4 f4 24. Qe2 Bg4 25. f3 Bf5 26. Rfe1 g5 27. Rac1 g4 28. b5 gxf3 29. Qxf3 e4 30. Qc3 Rd3 31. Qf6 Bd7 32. bxc6 Bxc6 33. Be7 Rc8 34. Rxe4 Qb6+ 35. Bc5 Bxe4 36. Qxf4+ Qc7 37. Bd6 Rxd6 38. Rxc7 Rd1+ 39. Kf2 Rxc7 40. Qxe4 Rd2+ 41. Kg3 Rdc2 42. Kh3 R7c5 43. Qf4+ Kb7 44. Qb4+ Kc7 45. a5 R2c4 46. Qd2 h4 47. Qe1 Kb7 48. Qe6 Rc6 49. Qd5 Ka6 50. g4 hxg3 51. hxg3 R4c5 52. Qe4 Kxa5 53. g4 Rd6 54. Kh4 Rdd5 55. Qe1+ Kb6 56. Qb1+ Kc6 57. Qa2 a5 58. Qa4+ Kb6 59. Qa2 Rb5 60. Qf2+ Ka6 61. Qf6+ Kb7 62. Qf7+ Kb6 63. Qe6+ Kc5 64. Qe7+ Kc4 65. Qe4+ Kc3 66. Qe3+ 1/2-1/2

[Event "Suwalki Warakomska Memorial 5th"]
[Site "Suwalki"]
[Date "2021.07.28"]
[Round "2"]
[White "Liberadzki, Slawomir"]
[Black "Piekielny, Pawel"]
[Result "0-1"]
[WhiteElo "2022"]
[BlackElo "2150"]
[PlyCount "106"]
[EventDate "2021.07.27"]
[EventType "swiss"]
[EventRounds "9"]
[EventCountry "POL"]
[SourceTitle "CBM 203 Extra"]
[Source "ChessBase"]
[SourceDate "2021.09.30"]
[SourceVersion "1"]
[SourceVersionDate "2021.09.30"]
[SourceQuality "1"]

1. c4 e5 2. Nc3 Nf6 3. g3 d5 4. cxd5 Nxd5 5. Bg2 Nb6 6. d3 Be7 7. Nf3 Nc6 8. 0-0 0-0 9. a3 Re8 10. b4 Bf8 11. Bb2 a5 12. b5 Nd4 13. Nd2 a4 14. e3 Ne6 15. Nc4 Nc5 16. Nxb6 cxb6 17. d4 exd4 18. Qxd4 Qxd4 19. exd4 Nd3 20. Ra2 Be6 21. d5 Bf5 22. Ba1 Ne1 23. d6 Nxg2 24. Kxg2 Bxd6 25. Rd2 Bc5 26. Bb2 h5 27. Rd5 Be4+ 28. Nxe4 Rxe4 29. Rfd1 Re2 30. R1d2 Rxd2 31. Rxd2 Ra5 32. Rd8+ Kh7 33. Rd5 Rxb5 34. Bd4 Kg6 35. f4 Rb3 36. Rg5+ Kh7 37. Rxg7+ Kh6 38. Be5 Bxa3 39. Rxf7 Bb2 40. Rxb7 a3 41. Ra7 Bxe5 42. fxe5 b5 43. Kh3 Kg6 44. e6 b4 45. e7 Kf7 46. Kh4 Rb2 47. h3 a2 48. g4 hxg4 49. hxg4 b3 50. g5 Re2 51. Kh5 Rxe7 52. g6+ Kf6 53. Ra3 b2 0-1

[Event "Warsaw Najdorf Memorial op-A"]
[Site "Warsaw"]
[Date "2021.07.14"]
[Round "5"]
[White "Kjartansson, Gudmundur"]
[Black "Piekielny, Pawel"]
[Result "1-0"]
[WhiteElo "2496"]
[BlackElo "2150"]
[PlyCount "73"]
[EventDate "2021.07.10"]
[EventType "swiss"]
[EventRounds "9"]
[EventCountry "POL"]
[SourceTitle "EXT 2022"]
[Source "ChessBase"]
[SourceDate "2021.10.06"]
[SourceVersion "1"]
[SourceVersionDate "2021.10.06"]
[SourceQuality "1"]

1. d4 Nf6 2. Nf3 e6 3. g3 b5 4. Bg5 Bb7 5. Nbd2 h6 6. Bxf6 Qxf6 7. e4 b4 8. Bd3 Qd8 9. c4 c5 10. d5 g5 11. Qc2 Bg7 12. h4 g4 13. Nh2 Qf6 14. 0-0-0 h5 15. f3 d6 16. fxg4 hxg4 17. Rdf1 Qe7 18. Nxg4 Nd7 19. Qa4 0-0-0 20. Qxa7 Kc7 21. Qa5+ Nb6 22. Qb5 Ra8 23. e5 Bxe5 24. Nxe5 dxe5 25. d6+ Qxd6 26. Rxf7+ Nd7 27. Ne4 Bxe4 28. Bxe4 Rxa2 29. Qb7+ Kd8 30. Kb1 Ra5 31. Rxd7+ Qxd7 32. Qb6+ Ke7 33. Qxa5 Rc8 34. Kc1 Kf8 35. Rd1 Qg7 36. Rd8+ Ke7 37. Qa7+ 1-0

[Event "POL-ch U18"]
[Site "Szklarska Poreba"]
[Date "2021.03.21"]
[Round "9"]
[White "Piekielny, Pawel"]
[Black "Seemann, Jakub"]
[Result "1/2-1/2"]
[WhiteElo "2121"]
[BlackElo "2311"]
[PlyCount "119"]
[EventDate "2021.03.13"]
[EventType "swiss"]
[EventRounds "9"]
[EventCountry "POL"]
[SourceTitle "CBM 201 Extra"]
[Source "ChessBase"]
[SourceDate "2021.05.31"]
[SourceVersion "1"]
[SourceVersionDate "2021.05.31"]
[SourceQuality "1"]

1. e4 c5 2. Nf3 d6 3. d4 cxd4 4. Nxd4 Nf6 5. Nc3 a6 6. Bg5 e6 7. f4 h6 8. Bh4 Qb6 9. a3 Nc6 10. Bf2 Qc7 11. Qf3 e5 12. Nxc6 bxc6 13. Bc4 exf4 14. Bd4 Be7 15. Qxf4 0-0 16. 0-0 Be6 17. Bxe6 fxe6 18. e5 c5 19. exf6 cxd4 20. Qg4 Rxf6 21. Rxf6 Bxf6 22. Qxe6+ Qf7 23. Qxf7+ Kxf7 24. Ne4 Be5 25. Re1 Rb8 26. b4 Rc8 27. Re2 Ke6 28. g3 Kd5 29. Kf2 g6 30. Ke1 a5 31. bxa5 Ra8 32. Nf2 Rxa5 33. Nd3 Rxa3 34. Kd2 Ra1 35. Re1 Ra8 36. Nb4+ Kc4 37. Nd3 Re8 38. Rf1 h5 39. Rf7 Rh8 40. Rf3 Kd5 41. Ke2 Rc8 42. Kd2 g5 43. Rf5 Rg8 44. h3 Ke4 45. g4 hxg4 46. hxg4 Bf4+ 47. Ke2 Be3 48. Nf2+ Bxf2 49. Rxf2 Rh8 50. Rf5 Rh2+ 51. Kd1 Ke3 52. Kc1 Rh1+ 53. Kb2 d3 54. cxd3 Kxd3 55. Rxg5 Kc4 56. Kc2 d5 57. Rh5 Rg1 58. Rh3 d4 59. Kd2 Rxg4 60. Rf3 1/2-1/2